Statistics for Top 20 Countries by Citizen BMI

Click here to take the quiz!

General Stats

  • This quiz has been taken 30 times
  • The average score is 10 of 20

Answer Stats

Average BMIMale BMIFemale BMICountry% Correct
28.828.828.8United States of America
100%
29.429.429.5Palau
71%
29.628.730.5Kiribati
64%
29.22930.1Qatar
64%
31.729.933.5Samoa
64%
3029.530.8Kuwait
61%
28.528.328.7Saudi Arabia
57%
31.930.433.5Tonga
57%
29.328.729.9Tuvalu
57%
2928.629.7United Arab Emirates
57%
29.427.831Fed. States of Micronesia
54%
29.228.430Marshall Islands
54%
29.227.630.7Egypt
46%
28.727.430Barbados
36%
28.928.228.7Jordan
36%
28.82829.6The Bahamas
32%
28.727.929.4Trinidad and Tobago
29%
29.628.930.2Saint Lucia
25%
29.728.430.9Saint Kitts and Nevis
21%
28.927.630.2Belize
14%

Score Distribution

Percentile by Number Answered

Percent of People with Each Score

Your Score History

You have not taken this quiz